La época de los aparatos /

Guardado en:
Autor Principal: Déotte, Jean-Louis.
Otros Autores: Oviedo, Antonio, trad.
Formato: Libro
Idioma:Spanish
Publicado: Buenos Aires : Adriana Hidalgo, 2013.
Materias:
Etiquetas: Agregar Etiqueta
Sin Etiquetas, Sea el primero en etiquetar este registro!
LEADER 00580nam a22001815a 4500
001 EHU.bham050554
008 220419s2013####ag############000#0#spa#d
005 20220419090825.0
245 1 0 |a La época de los aparatos /  |c Jea-Louis Déotte ; trad. por Antonio Oviedo. 
260 |a Buenos Aires :  |b Adriana Hidalgo,  |c 2013. 
300 |a 368 p. 
020 |a 978 987 1923 21 2 
100 1 |a Déotte, Jean-Louis. 
700 1 |a Oviedo, Antonio, trad. 
082 8 9 |a 701 D44 
653 |a Arte-filosofía del 
653 |a Arte-historia del 
859 |a AR-BHAM  |b BIB. HUMANIDADES - General  |h 701  |i D44  |p 3940.19